| 000 | 00707cam a22002535i 4500 | ||
|---|---|---|---|
| 001 | 18142812 | ||
| 003 | Nust- CAS-E | ||
| 005 | 20180118181407.0 | ||
| 008 | 140507s2014 mau 000 0 eng | ||
| 010 | _a 2014940212 | ||
| 020 | _a9780857098511 | ||
| 040 |
_aDLC _beng _erda _cDLC |
||
| 042 | _apcc | ||
| 082 |
_223 _a621.483 _bHAN 2015 C-1 |
||
| 100 | 1 | _aCarelli, M D. | |
| 245 | 1 | 0 |
_aHandbook of small modular nuclear reactors / _cM D Carelli, D T Ingersoll. |
| 250 | _a1st edition. | ||
| 263 | _a1411 | ||
| 300 | _apages cm | ||
| 502 | _a0 | ||
| 906 |
_a0 _bibc _corignew _d2 _eepcn _f20 _gy-gencatlg |
||
| 942 |
_2ddc _cBK |
||
| 999 |
_c355601 _d355601 |
||